[Event "CHN-USA Summit"]
[Site "Ningbo"]
[Date "2013.07.23"]
[Round "5.1"]
[White "Lu, Shanglei"]
[Black "Robson, Ray"]
[Result "0-1"]
[WhiteElo "2536"]
[BlackElo "2628"]
[Annotator "CB"]
[PlyCount "46"]
[EventDate "2013.07.19"]
[EventType "schev"]
[EventRounds "5"]
[EventCountry "CHN"]
[SourceTitle "CBM 156"]
[Source "ChessBase"]
[SourceDate "2013.09.17"]
[SourceVersion "1"]
[SourceVersionDate "2013.09.17"]
[SourceQuality "1"]
[WhiteTeam "China"]
[BlackTeam "US of America"]
[WhiteTeamCountry "CHN"]
[BlackTeamCountry "USA"]

1. e4 c5 2. Nf3 Nf6 3. Nc3 d6 4. d4 cxd4 5. Nxd4 Nc6 6. Bc4 e6 7. Be3 Be7 8.
Bb3 O-O 9. Qe2 {Weiß strebt den Velimirovic-Angriff an, der die lange Rochade
mit nachvollgendem Angriff am Königsflügel vorsieht.} e5 $5 {Sieht man an
dieser Stelle selten, ist aber offenbar eine bisher unterschätzte
Möglichkeit.} ({Zur Hauptvariante führt} 9... a6 10. O-O-O Qc7 11. g4 {
zum Beispiel:} Nxd4 12. Rxd4 Nd7 13. g5 Nc5 14. Rg1 f5 15. Kb1 f4 16. Bc1 Bd7
17. h4 Bc6 18. Qg4 Qc8 19. Rdd1 b5 20. f3 b4 21. Ne2 Nxb3 22. axb3 e5 23. Qxc8
Rfxc8 24. Bd2 a5 25. Nc1 Rab8 26. Rge1 Be8 27. c4 bxc3 28. bxc3 Bh5 29. Rf1 Bf7
30. Kc2 Rb7 31. Kd3 a4 32. bxa4 Bc4+ 33. Kc2 d5 34. exd5 Ba3 35. Rde1 Rb2+ 36.
Kd1 Rd8 37. Rf2 Bc5 38. Rh2 Be3 {0-1 (38) Nguyen Van Huy (2486)-Le Quang,L 
(2709) Ho Chi Minh City 2013}) 10. Nf5 $6 ({Vielleicht ist} 10. Nf3 {besser.})
10... Bxf5 11. exf5 d5 {Schwarz hat die Oberhand im Zentrum gewonnen.} 12.
O-O-O d4 13. f4 {Ein neuer Zug.} (13. Bg5 Qc8 14. Bxf6 Bxf6 15. Nd5 Qxf5 16. g4
Qg6 17. h4 Bxh4 18. f4 Bd8 19. Kb1 exf4 20. Nxf4 Qd6 21. Qd3 h6 22. Ng6 Ne5 {
1/2-1/2 (22) Kratochvil,J (2236)-Pecha,T (2260) Kouty nad Desnou 2012}) 13...
Qa5 14. fxe5 dxc3 ({Weniger gut wäre} 14... dxe3 15. exf6 Bxf6 16. Nd5 {
mit aktiven weißen Figuren.}) 15. exf6 Bxf6 16. g4 ({In Betracht kam} 16. Rd5
{. Nach} cxb2+ 17. Kb1 Qc7 18. Rhd1 a5 19. Rd7 Qe5 20. Qf3 {hat Schwarz
allerdings einen Mehrbauern - auf b2.}) 16... Rae8 $15 {Droht 17...Sd4} 17. Qf2
(17. bxc3 Qxc3 $19 {kommt für Weiß nie in Frage, daher kann sich Schwarz mit
dem Nehmen auf b2 Zeit lassen.}) 17... Re5 18. Kb1 Rb5 (18... h6 $5) 19. a4 $1
{Weiß hält sich.} (19. h4 $2 Rxb3 20. cxb3 (20. axb3 Nb4 $19) 20... c2+ 21.
Kxc2 Qxa2 $19) ({Auf} 19. Rd7 {folgt} Rxb3 20. cxb3 Qe5 {mit der Drohung c3-c2.
}) 19... Rc8 (19... cxb2 $5) 20. g5 (20. axb5 $2 cxb2 $19) 20... Be5 ({Nach} 
20... Rxf5 21. Qg2 Bxg5 22. Rhg1 Bf6 23. Rd7 {ist die Situation nicht klar.
Weiß hat Gegenspiel.}) 21. Bf4 ({Auf} 21. f6 {folgt stark} Rxb3 22. cxb3 Nb4
23. Ka1 c2 24. Rc1 Qd5 {gefolgt von} 25. Z0 Qxb3 {und} 26. Z0 Qa2#) 21... Rxb3
(21... Bxf4 22. Qxf4 Rxf5 23. Qg4 Rc7 24. Rhe1 g6 25. h4 $11) 22. cxb3 c2+ (
22... Nb4 23. bxc3 Bxc3 24. Bd6 {mit etwa gleich Aussichten.}) 23. Kxc2 $2 ({
Nach} 23. Qxc2 Bxf4 24. g6 $1 {ist die Partie alles andere als zuende. Die
Aussichten sind sogar nahezu gleich.}) 23... Bd4 ({Vielleicht hatte Weiß hier
nur mit} 23... Nb4+ 24. Kb1 {gerechnet, wonach er einfach eine Qualität mehr
hat.}) (23... Bd4 {Danach gerät die Dame in einige Springergabeln.} 24. Be3 (
24. Qg3 Qxf5+ 25. Kd2 Nb4 26. Rc1 Rc2+ 27. Rxc2 Qxc2+ 28. Ke1 Bf2+ $19) 24...
Bxe3 25. Qxe3 Nb4+ 26. Kb1 Qxf5+ 27. Ka1 Nc2+ $19) 0-1

[Event "GER-ch 71st"]
[Site "Altenkirchen"]
[Date "1999.11.20"]
[Round "9"]
[White "Mueller, Karsten"]
[Black "Heinemann, Thies"]
[Result "1-0"]
[WhiteElo "2533"]
[BlackElo "2489"]
[Annotator "CB"]
[PlyCount "151"]
[EventDate "1999.11.12"]
[EventType "swiss"]
[EventRounds "9"]
[EventCountry "GER"]
[SourceTitle "CBM 074"]
[Source "ChessBase"]
[SourceDate "2000.02.01"]
[SourceVersion "1"]
[SourceVersionDate "2000.02.01"]
[SourceQuality "1"]

1. e4 c5 2. Nf3 d6 3. d4 cxd4 4. Nxd4 Nf6 5. Nc3 a6 6. Bc4 e6 7. O-O b5 8. Bb3
Be7 9. Be3 Bd7 10. f4 Nc6 11. f5 Nxd4 12. Bxd4 O-O 13. Bxf6 Bxf6 14. Qxd6 Bc8
15. Rad1 Qxd6 16. Rxd6 Be5 17. Rd3 Re8 18. a3 Bb7 19. fxe6 fxe6 20. Rf5 Bc7 21.
Rd7 Bb6+ 22. Kf1 Bc8 23. Rd3 g6 24. Rff3 Kg7 25. Ne2 Ra7 26. Nf4 Bc7 27. c3 Be5
28. h3 a5 29. Rd1 b4 30. axb4 axb4 31. cxb4 Bxb2 32. b5 Be5 33. Nd3 Bd6 34. Nf2
Bc5 35. Ng4 Bd7 36. Rxd7+ Rxd7 37. Nf6 Rde7 38. Nxe8+ Rxe8 39. Rc3 Rf8+ 40. Ke2
Bd4 41. Rc7+ Rf7 42. Rc6 Rb7 43. Bc4 e5 44. Kd3 Kh6 45. Rd6 Bf2 46. Rd5 Re7 47.
Rd8 Rb7 48. Ke2 Ba7 49. Rd5 Re7 50. Rd6 Rb7 51. Ra6 Bd4 52. Rd6 Ba7 53. g3 Kg5
54. Kf3 Kh6 55. h4 Kh5 56. Kg2 Bc5 ({Of course} 56... Kg4 $4 {gets mated:} 57.
Be2#) ({and} 56... g5 $2 57. Be2+ (57. Kh3 {is also good}) 57... g4 58. Bc4 Bd4
59. Rf6 {shows that Black has not only light-squared weaknesses, but also on
the dark squares as well. After Rf6, he loses at least the exchange
immediately, and more later.}) 57. Rc6 Bd4 58. Kh3 Kh6 59. g4 Kg7 60. g5 Be3
61. Bd5 Rb8 62. Rc7+ {White continues tactically. By maintaining the squeeze,
he forces the black king to an unfavorable position in which he is under the
threat of getting mated, which allows White to carry out his plan. Black
eventually attempts counterplay, but it doesn't work.} Kh8 63. Bc6 Rf8 64. Re7
Bd4 65. Bd5 Rf3+ 66. Kg2 Rf2+ 67. Kg3 h6 68. gxh6 (68. h5 $1 {is even stronger,
leading to mate. But the one pawn advantage is about to become three, and
that's good enough with the clock ticking in an important game.}) 68... Rf4 69.
Re6 Kh7 70. b6 Rf8 71. b7 Ba7 72. h5 gxh5 73. Kh4 Rf1 74. Kxh5 Rg1 75. Re7+ Kh8
76. Rxe5 1-0

[Event "Leningrad"]
[Site "Leningrad"]
[Date "1989.??.??"]
[Round "?"]
[White "Lukin, Andrei M"]
[Black "Aseev, Konstantin N"]
[Result "0-1"]
[WhiteElo "2450"]
[BlackElo "2485"]
[Annotator "ChessBase"]
[PlyCount "86"]
[EventDate "1989.06.??"]
[EventType "tourn"]
[EventRounds "13"]
[EventCountry "URS"]
[EventCategory "9"]
[SourceTitle "CBM 014"]
[Source "ChessBase"]
[SourceDate "1990.02.01"]
[SourceVersion "1"]
[SourceVersionDate "1990.02.01"]
[SourceQuality "1"]

1. e4 c5 2. Nf3 d6 3. d4 cxd4 4. Nxd4 Nf6 5. Nc3 Nc6 6. Bc4 e6 7. Be3 a6 8. Bb3
Qc7 9. f4 Be7 10. O-O Bd7 11. f5 Nxd4 12. Bxd4 O-O 13. fxe6 fxe6 14. Qe2 Kh8
15. e5 dxe5 16. Bxe5 Qc5+ 17. Kh1 Rae8 18. Rae1 Qc8 (18... b5 $5 19. Bxf6 $6
gxf6 $1 20. Bxe6 Bd6 21. Qg4 f5 $15) 19. Bc4 $1 {/\ 20.Bd3 ><h7} Bc5 20. Bd3 {
20.Rf3} Bc6 21. Rf4 Qd7 22. Rh4 h6 23. Bxf6 $2 {23.Ne4!+/-} Rxf6 24. Ne4 Rf5
25. Nxc5 Rxc5 26. Qe3 Qe7 27. Rg4 e5 28. b4 Rd5 29. Qe4 g5 30. Rg3 Rd4 31. Qg6
Qg7 $15 32. c3 Rf4 33. Qd6 Rf2 34. h4 g4 35. Be4 Bxe4 36. Rxe4 h5 37. Rge3 Rf5
38. c4 Kh7 39. c5 Re7 40. a4 $2 Rd7 $19 41. Qe6 Rf1+ 42. Kh2 Rdd1 43. Kg3 Qf8
0-1

[Event "USA-ch"]
[Site "USA"]
[Date "1989.??.??"]
[Round "6"]
[White "Kudrin, Sergey"]
[Black "De Firmian, Nick E"]
[Result "1/2-1/2"]
[WhiteElo "2570"]
[BlackElo "2595"]
[Annotator "ChessBase"]
[PlyCount "80"]
[EventDate "1989.11.??"]
[EventType "tourn"]
[EventRounds "15"]
[EventCountry "USA"]
[EventCategory "12"]
[SourceTitle "CBM 019"]
[Source "ChessBase"]
[SourceDate "1990.12.01"]
[SourceVersion "1"]
[SourceVersionDate "1990.12.01"]
[SourceQuality "1"]

1. e4 c5 2. Nf3 d6 3. d4 cxd4 4. Nxd4 Nf6 5. Nc3 a6 6. a4 Nc6 7. Bc4 e6 8. O-O
Be7 9. Be3 O-O 10. Kh1 Bd7 11. Qe2 Rc8 12. Rad1 Qc7 13. Ba2 Nxd4 14. Bxd4 Qa5
15. Bb3 e5 16. Be3 h6 17. f3 Be6 18. Rd3 b5 19. axb5 axb5 20. Nd5 Nxd5 21. Bxd5
b4 22. Rfd1 Bxd5 23. Rxd5 Qa2 24. Bc1 Rc6 25. Qb5 Rxc2 26. Qxb4 Rfc8 27. Qe1
Qc4 28. Bd2 Rxb2 29. Rc1 Rc2 30. Rxc2 Qxc2 31. h3 Rb8 32. Bb4 Rb6 33. Kh2 Bg5
34. Rxd6 Bf4+ (34... Rxb4 $1 35. Qxb4 Qf2 36. Rd1 Bf4+ 37. Kh1 Qg3 38. Kg1 Qh2+
39. Kf2 Bg3+ 40. Ke3 Qxg2 $19) 35. Kg1 Rxd6 36. Bxd6 Qc6 37. Bb4 Qb6+ 38. Kh1
h5 39. Bd2 Bxd2 40. Qxd2 Qc5 1/2-1/2

[Event "George Marx Memorial 2nd"]
[Site "Paks"]
[Date "2004.06.09"]
[Round "5"]
[White "Nevednichy, Vladislav"]
[Black "Acs, Peter"]
[Result "1-0"]
[WhiteElo "2544"]
[BlackElo "2548"]
[Annotator "Ftacnik,L"]
[PlyCount "79"]
[EventDate "2004.05.05"]
[EventType "tourn"]
[EventRounds "10"]
[EventCountry "HUN"]
[EventCategory "14"]
[SourceTitle "CBM 102"]
[Source "ChessBase"]
[SourceDate "2004.09.23"]
[SourceVersion "1"]
[SourceVersionDate "2004.09.23"]
[SourceQuality "1"]

1. e4 c5 2. Nf3 d6 3. d4 cxd4 4. Nxd4 Nf6 5. Nc3 Nc6 6. Bc4 e6 7. Be3 a6 8. Bb3
Be7 9. f4 Qc7 10. f5 Nxd4 11. Bxd4 b5 12. a3 {Nevednichy values his knight on
c3 and doesn't allow it's bothering with b4.} e5 13. Be3 Bb7 14. Qd3 (14. Qf3
Rc8 15. Rd1 Qa5 16. Bd2 Qb6 $11) 14... Rc8 15. O-O-O O-O (15... Ng4 16. Bd5
Nxe3 17. Qxe3 Bxd5 18. Rxd5 Qb7 19. Rd3 h6 20. h4 $14) 16. g4 $5 {This
sacrifice is very daring, since white gets nothing concrete save for the open
g file.} Nxg4 17. Rhg1 Nxe3 (17... Nf6 $2 18. Bh6 Ne8 19. Rxg7+ $1 Nxg7 20. Qg3
Bf6 21. Bxg7 $18) 18. Qxe3 Bf6 (18... Kh8 19. Kb1 Bc6 20. Qg3 Bf6 21. Nd5 Bxd5
22. Rxd5 $11) 19. Rg3 Kh8 20. Qe2 Qa5 $6 {Acs understands the necessity to
create counterplay, but he will lose too much material in the process.} (20...
Qe7 21. Kb1 Rc7 22. Bd5 $11) 21. Rxd6 b4 22. axb4 Qxb4 (22... Qa1+ $6 23. Nb1 (
23. Kd2 Qxb2 24. Qh5 Rfd8 25. Rxd8+ Rxd8+ 26. Ke2 Rd7 27. Nd5 $11) 23... Rc6
24. Rd5 $16) 23. Rd7 a5 (23... Bc6 24. Rxf7 Rxf7 25. Bxf7 Rb8 26. Bb3 $14) (
23... Kg8 $2 24. Qh5 $16) 24. Bxf7 Bc6 (24... Qb6 25. Bd5 Rb8 26. Bxb7 Rxb7 27.
Rxb7 Qxb7 28. b3 $16) 25. Qh5 $1 {Without this move white would have to accept
draw.} Rxf7 (25... Bxd7 $2 26. Qxh7+ $1 Kxh7 27. Rh3+ Bh4 28. Rxh4#) (25... h6
26. Rg6 Bg5+ 27. Rxg5 Bxd7 28. f6 $18) 26. Qxf7 (26. Rxf7 $1 Rb8 (26... Be8 27.
Rc7 Rb8 28. Qg4 Qxb2+ 29. Kd2 Rd8+ 30. Nd5 Qb4+ 31. Kc1 Qe1+ 32. Kb2 $16) 27.
b3 Be8 28. Nd5 Bxf7 29. Qxf7 $16) 26... Bxd7 27. Qxd7 Rd8 (27... Rb8 28. b3 $16
) 28. Qb5 Qd4 (28... Qxb5 29. Nxb5 Kg8 30. Ra3 $16) 29. Qe2 Rb8 30. Rd3 Qb4 (
30... Bg5+ 31. Kb1 Qb4 32. Nd1 a4 $14) 31. Nd1 a4 32. Kb1 h6 33. h3 Qb5 34. Re3
Qb6 35. Ra3 Qg1 $6 {The position is only slightly better for white, but black
is playing too forcefully.} (35... Qc6 36. Rc3 Qb6 37. Qg4 $14) 36. Rd3 (36.
Rxa4 $2 Rd8 $19) (36. Ka2 $1 Qd4 37. Nc3 Qb4 38. Nxa4 Be7 39. c3 Qb7 40. b4 $16
) 36... Be7 $2 (36... Qb6 $14) 37. Qe3 Qg2 38. Qa7 Rc8 39. Qxa4 Qe2 40. Nc3 1-0

[Event "RUS-chT 11th"]
[Site "Sochi"]
[Date "2004.04.27"]
[Round "8.2"]
[White "Rublevsky, Sergei"]
[Black "Lugovoi, Aleksei"]
[Result "1-0"]
[WhiteElo "2671"]
[BlackElo "2550"]
[Annotator "Ftacnik,L"]
[PlyCount "83"]
[EventDate "2004.04.20"]
[EventType "team-tourn"]
[EventRounds "9"]
[EventCountry "RUS"]
[SourceTitle "EXT 2020"]
[Source "ChessBase"]
[SourceDate "2019.10.17"]
[SourceVersion "1"]
[SourceVersionDate "2019.10.17"]
[SourceQuality "1"]
[WhiteTeam "Kazan Ladya"]
[BlackTeam "Sankt Petersburg"]
[WhiteTeamCountry "RUS"]
[BlackTeamCountry "RUS"]

1. e4 c5 2. Nf3 d6 3. d4 cxd4 4. Nxd4 Nf6 5. Nc3 Nc6 6. Bc4 e6 7. Be3 a6 8. Bb3
Qc7 9. f4 Be7 10. O-O O-O 11. Qf3 b5 12. e5 Nxd4 13. Bxd4 dxe5 14. fxe5 Nd7 15.
Bxe6 fxe6 16. Qxa8 Bb7 17. Rxf8+ Nxf8 {The line was considered drawish, but
Rublevsky has probably found something after taking with bishop as well.} (
17... Bxf8 18. Qe8 Qc6 19. Kf2 Qxg2+ {1/2-1/2 Shanava,K-Izoria,Z/Dubai 2004/ 
(19)}) 18. Qe8 Bc5 19. Ne2 Qxe5 20. Rf1 Bxd4+ 21. Nxd4 Qxd4+ 22. Kh1 Bxg2+ (
22... Qd6 $2 23. Qf7+ Kh8 24. Qxf8+ $18) 23. Kxg2 Qd2+ 24. Kf3 $5 $146 {
[%mdl 4] Modern chess has many faces and one of them might be seen here. White
king avoids immediate perpetual, clearly the fruit of home analyses.} (24. Kg3
Qg5+ 25. Kf2 Qd2+ 26. Kg1 Qg5+ 27. Kf2 Qd2+ 28. Kg3 Qg5+ 29. Kh3 Qe3+ {1/2-1/2
Golubev,M-Brodsky,M/Simferopol 1989/ (29)}) 24... g5 (24... Qxc2 25. Kg3 Qg6+
26. Qxg6 Nxg6 27. Rf3 e5 28. Ra3 $16) (24... h6 25. Qc8 $14) 25. Qa8 Kg7 (25...
Qf4+ $2 26. Kg2 Qg4+ 27. Kh1 $18) (25... Qxh2 26. Ke3 Qe5+ 27. Kd2 Qd5+ 28.
Qxd5 exd5 29. Rf6 $1 $16) (25... Qxc2 26. Kg3 Qd3+ 27. Kg2 Qd2+ 28. Rf2 Qb4 29.
Qf3 $14) 26. Kg3 (26. Qxa6 g4+ 27. Kg3 Qe3+ 28. Kg2 Qe4+ 29. Kg1 Qe3+ 30. Rf2
Qe1+ 31. Kg2 Qe4+ 32. Kg3 Qe3+ $11) 26... Ng6 27. Qb7+ Kh6 28. Qe4 {White has
an extra exchange, very exposed king and some very small chances to win the
game.} e5 (28... Qd6+ 29. Kg2 Nf4+ 30. Kh1 Qc5 31. c3 Qd5 32. Qxd5 exd5 33. a4
$16) 29. Rf6 Qc1 30. Kg2 Kg7 (30... Qxb2 $5 31. Rxa6 b4 32. Rb6 $14) 31. Rxa6
Nf4+ (31... Qxb2 32. Rb6 Qxa2 33. Rxb5 $16) 32. Kf2 Qd2+ 33. Kg3 {Lugovoi's
attack is bound to fail, since his king is in the mating net himself.} Nh5+ (
33... Qd4 34. Qb7+ $18) 34. Kg4 Qd7+ (34... Nf6+ 35. Rxf6 h5+ (35... Kxf6 36.
Qf5+ Kg7 37. Qxg5+ $18) 36. Kxh5 Qxh2+ 37. Kxg5 Qg1+ 38. Kf5 Qf1+ 39. Kxe5
Qxf6+ 40. Kd5 $18) 35. Kxg5 (35. Qf5 Qxf5+ 36. Kxf5 Nf4 37. Rb6 $18) (35. Kxh5
Qh3+ 36. Kxg5 h6+ 37. Rxh6 Qxh6+ 38. Kf5 Qf6+ 39. Kg4 Qe6+ 40. Kg3 $18) 35...
h6+ 36. Kh4 (36. Kxh5 $4 Qh3+ 37. Qh4 Qf5+ 38. Qg5+ Qxg5#) 36... Qd8+ 37. Kh3
Nf4+ 38. Kg3 Qg5+ 39. Kf2 (39. Kf3 $4 Qg2+ 40. Ke3 Qe2#) 39... Qh4+ 40. Kf1
Qh3+ 41. Ke1 Qh4+ 42. Kd1 1-0

[Event "Hotel Agro GM"]
[Site "Budapest"]
[Date "1999.08.03"]
[Round "5"]
[White "Wittmann, Walter"]
[Black "Cao, Sang"]
[Result "1-0"]
[WhiteElo "2364"]
[BlackElo "2501"]
[Annotator "Ftacnik,L"]
[PlyCount "85"]
[EventDate "1999.08.05"]
[EventType "tourn"]
[EventRounds "9"]
[EventCountry "HUN"]
[EventCategory "10"]
[SourceTitle "CBM 073"]
[Source "ChessBase"]
[SourceDate "1999.12.01"]
[SourceVersion "1"]
[SourceVersionDate "1999.12.01"]
[SourceQuality "1"]

1. e4 c5 2. Nf3 Nc6 3. d4 cxd4 4. Nxd4 Nf6 5. Nc3 d6 6. Be3 e6 7. Bc4 a6 8. Bb3
Qc7 9. f4 b5 10. Nxc6 Qxc6 11. f5 {The Scheveningen structure for black is
extremely compact and flexible, taking it by force requires exceptional
meassures.} (11. e5 dxe5 12. fxe5 Nd7 13. Qh5 Bb4 14. O-O-O Bxc3 15. bxc3 O-O
16. Rhf1 Qe4 17. Bd4 Bb7 18. Rd3 Rae8 19. Rg3 g6 20. Qh6 {1-0 Gross,D-Sax,G/
Feldbach/1997/ (38)}) (11. O-O Be7 12. e5 dxe5 13. fxe5 Bb7 14. Qe2 Nd7 15. Bf4
O-O 16. Rae1 Nc5 17. Qg4 h5 18. Qe2 {1-0 Madl,I-Horvath,T/HUN/1999/ (32)})
11... Be7 (11... exf5 12. O-O (12. Bd4 Be6 13. Bxf6 gxf6 14. Bd5 Bxd5 15. Qxd5
Qxd5 16. Nxd5 O-O-O $13) 12... Be6 13. exf5 Bxb3 14. axb3 $14) 12. fxe6 fxe6 (
12... Bxe6 13. Qd4 (13. Bd5 Bxd5 14. exd5 Qc4 $11) 13... O-O 14. O-O $14) 13.
O-O O-O (13... Nxe4 $2 14. Qf3 Bb7 15. Qf7+ Kd8 16. Qxg7 $18) 14. Nd5 $5 {
A witty geometrical motive makes a great impression, it was enabled by the
exchange of the e6 pawn.} Rf7 (14... exd5 $2 15. Rxf6 $18) (14... Nxd5 15. exd5
Rxf1+ 16. Kxf1 Qc7 17. dxe6 $18) (14... Bd8 $5 15. Bd4 Nxe4 16. Rxf8+ Kxf8 17.
Qf3+ Nf6 18. Rf1 Rb8 19. Nxf6 Qxf3 20. Nxh7+ Kg8 21. Rxf3 Kxh7 22. Rf8 $16) 15.
Nxf6+ (15. Nxe7+ Rxe7 $15) 15... Bxf6 (15... Rxf6 16. Qd3 $14) 16. Bd4 Qxe4 (
16... Bd7 17. Bxf6 Raf8 18. Qd4 Rxf6 19. Rxf6 Rxf6 20. Rd1 $14) 17. Bxf6 Bb7 $2
{The terrible mistake in the defense, Cao Sang forgets about the vulnerability
of his e6 pawn.} (17... gxf6 18. Qxd6 Bb7 19. Rf3 $14) 18. Qd2 Rxf6 (18... gxf6
19. Rae1 $18) 19. Rxf6 gxf6 20. Re1 $1 Qg6 (20... Qc6 21. Rxe6 Qc5+ 22. Kh1 d5
23. Rxf6 $18) 21. Rxe6 Kh8 22. Rxd6 Re8 23. Rd8 {The technical part is not so
easy, but white has a solid extra pawn.} (23. Bd5 Bxd5 24. Rxd5 Qf7 $16) 23...
Qe4 $6 (23... Bc6 24. Rxe8+ Qxe8 25. c3 $16) 24. Rxe8+ (24. Bf7 $1 Rxd8 25.
Qxd8+ Kg7 26. Qg8+ Kh6 27. Qf8+ Kg5 28. Qg7+ Kf5 29. Qxh7+ $18) 24... Qxe8 25.
h3 Kg7 26. Qf4 Be4 (26... Qe1+ 27. Kh2 Qe5 28. Qxe5 (28. Qg3+ Kh6 29. c3 $16)
28... fxe5 29. g4 e4 30. Kg3 e3 31. c4 $16) 27. Qc7+ Kh6 (27... Kg6 28. c4 $16)
28. Bf7 Qa8 (28... Qe5 29. Qxe5 fxe5 30. c4 $16) 29. Be6 (29. Qe7 $5 Bg6 30.
Qe3+ Kg7 31. Bxg6 Kxg6 32. g4 $18) 29... Bg6 30. Qf4+ Kg7 31. c3 Qc6 32. Bb3 (
32. Qe3 Be4 33. Bb3 $16) 32... a5 33. a3 Qc5+ (33... a4 34. Ba2 h6 35. h4 Qc5+
36. Qd4 $16) 34. Kh2 (34. Qd4 Qg5 35. Kh2 $16) 34... Qe7 35. Bd1 Qf7 36. Bf3
Qe7 37. Bc6 Qe2 (37... Qc5 38. Qc7+ Bf7 39. b4 axb4 40. cxb4 Qc4 41. Qd6 $16)
38. Qc7+ Kh6 39. Qd6 Qxb2 (39... Qf2 40. b4 $18) (39... Kg7 $5 40. b3 h5 41. a4
$16) 40. Qxf6 Qxa3 41. h4 $1 (41. Bxb5 Qc5 42. g4 Qxb5 43. Kg3 $1 Qc5 44. Kh4
a4 45. g5+ $18) 41... Qc5 42. g4 b4 (42... Qe3 43. Qf8#) 43. g5+ (43. g5+ Kh5
44. Bf3+ Kxh4 45. Qf4#) 1-0

[Event "USA-ch"]
[Site "Seattle"]
[Date "2002.01.10"]
[Round "6"]
[White "Christiansen, Larry Mark"]
[Black "Yermolinsky, Alex"]
[Result "0-1"]
[WhiteElo "2571"]
[BlackElo "2574"]
[Annotator "Ftacnik,L"]
[PlyCount "84"]
[EventDate "2002.01.05"]
[EventType "swiss"]
[EventRounds "9"]
[EventCountry "USA"]
[SourceTitle "CBM 087"]
[Source "ChessBase"]
[SourceDate "2002.03.21"]
[SourceVersion "1"]
[SourceVersionDate "2002.03.21"]
[SourceQuality "1"]

1. e4 c5 2. Nf3 d6 3. d4 cxd4 4. Nxd4 Nf6 5. Nc3 Nc6 6. Bc4 e6 7. Bb3 Be7 8.
Be3 O-O 9. f4 Bd7 10. O-O Nxd4 11. Bxd4 Bc6 12. Qd3 b5 13. a3 a5 14. Rae1 b4
15. axb4 axb4 16. Nd1 Nd7 {[%mdl 4] Black still has to fight against the
potential kingside attack, since all white pieces are concentrated at this
area.} (16... d5 17. e5 Ne4 $13) 17. f5 e5 (17... exf5 18. Rxf5 (18. exf5 Bf6
$11) 18... Bf6 19. Bd5 Bxd5 20. Rxd5 Be5 21. Bxe5 Nxe5 22. Qd4 $14) 18. Bf2 Nc5
19. Bxc5 (19. Qf3 Bb5 $17) 19... dxc5 20. Bd5 (20. Ne3 Qxd3 21. cxd3 Bg5 22.
Nc4 $11) 20... Qb6 (20... Bxd5 21. exd5 Qc7 22. Ne3 $11) 21. Qf3 (21. Bxc6 Qxc6
22. Ne3 Ra2 23. Ra1 Rfa8 24. Rxa2 Rxa2 25. Nd5 Bd8 $11) (21. Ne3 c4 22. Qxc4
Bb5 23. Qb3 Bxf1 24. Bxa8 Bxg2 25. Kxg2 Rxa8 26. Nd5 Qd6 $11) 21... Bxd5 22.
exd5 Bf6 23. Kh1 (23. Ne3 c4 24. Qe4 Rfc8 $15) 23... Rad8 (23... c4 24. Re4 Qb5
25. Ne3 Ra2 26. Rd1 Rxb2 $11) 24. b3 Qd6 25. c4 (25. Ne3 Rfe8 26. Qe4 Bg5 27.
Rd1 Bxe3 28. Qxe3 e4 29. f6 Re5 $15) 25... bxc3 26. Nxc3 e4 27. Nxe4 (27. Rxe4
Bxc3 28. Qxc3 Qxd5 $11) 27... Qxd5 28. Nxf6+ gxf6 {The demage is limited as
black had to accept only somewhat inferior pawn structure.} 29. Qg3+ (29. Re4
$5 Kh8 30. Rfe1 Rg8 31. g4 $14) 29... Kh8 30. Qh4 Rd6 31. Rf3 Rg8 32. Rg3 (32.
h3 Qd2 33. g4 Qd5 34. Qg3 Rb6 35. Kg1 Qd4+ $11) 32... Rxg3 33. Qxg3 Rd8 34. Qf2
(34. Qc7 Rg8 35. Rg1 Rg5 $15) 34... Rb8 35. h3 $2 (35. Qg3 Qxb3 36. Qc7 (36.
Re8+ $2 Rxe8 37. Qxb3 Re1#) 36... Rb5 37. h3 Kg7 38. Qd6 c4 39. Qf4 h5 $15)
35... Rxb3 36. Qf4 $2 {Christiansen played the time trouble phase really bad
and will duly be punished.} (36. Kh2 Qd4 37. Qf1 Rd3 $17) 36... Rxh3+ 37. Kg1
Rh5 38. Rf1 Rg5 39. Rf3 Kg7 40. Kh2 Qe5 41. g3 Qxf4 42. Rxf4 h5 0-1